[Event "1A liga SSFBiH"]
[Site "Bosanska Krupa, hotel "]
[Date "2018.08.28"]
[Round "6.6"]
[White "Hajvaz, Dzemal"]
[Black "Nuhanovic, Nermin"]
[Result "1-0"]
[WhiteElo "2053"]
[BlackElo "1827"]
[PlyCount "59"]
[EventDate "2018.08.25"]
[EventRounds "9"]
[EventCountry "BIH"]
[WhiteTeam "ŠK Goražde"]
[BlackTeam "ŠK Bihac"]

1. e4 c5 2. Nf3 Nc6 3. d4 cxd4 4. Nxd4 Nf6 5. Nc3 d6 6. Bg5 e6 7. Be2 Be7 8.
Ndb5 a6 9. Bxf6 gxf6 10. Nd4 Bd7 11. Nxc6 Bxc6 12. O-O Qb6 13. Rb1 Rg8 14. Kh1
O-O-O 15. Bf3 Rg7 16. b4 d5 17. exd5 exd5 18. Nxd5 Bxd5 19. Bxd5 Rg5 20. c4 Qc7
21. f4 Rg7 22. b5 a5 23. b6 Qd7 24. Rb5 Bb4 25. a3 Bxa3 26. Rxa5 Bd6 27. Ra7
Qg4 28. Qa4 Rd7 29. Ra8+ Bb8 30. Rxb8+ 1-0

[Event "1A liga SSFBiH"]
[Site "Bosanska Krupa, hotel "]
[Date "2018.08.29"]
[Round "7.1"]
[White "Zajic, Milan"]
[Black "Hadzovic, Amir"]
[Result "1-0"]
[WhiteElo "2503"]
[BlackElo "2245"]
[PlyCount "62"]
[EventDate "2018.08.25"]
[EventRounds "9"]
[EventCountry "BIH"]
[WhiteTeam "ŠK Goražde"]
[BlackTeam "ŠK Sarajevo"]

1. e4 e5 2. Nf3 Nc6 3. Bb5 a6 4. Ba4 g6 5. d4 exd4 6. Bg5 Be7 7. Bxe7 Qxe7 8.
Bxc6 dxc6 9. Qxd4 Nf6 10. Nc3 Bg4 11. Nd2 Rd8 12. Qe3 O-O 13. h3 Bc8 14. O-O-O
Rfe8 15. Rhe1 b6 16. g4 Bb7 17. Qh6 Nd7 18. Qf4 Nf8 19. Qg3 c5 20. f4 Rd4 21.
f5 Red8 22. Qf4 f6 23. h4 Qd6 24. Qe3 Qe5 25. Nf3 Rxd1+ 26. Nxd1 Qe7 27. Nf2
Re8 28. Qf4 c4 29. g5 c3 30. gxf6 Qxf6 31. Ng4 cxb2+ 1-0

[Event "1A liga SSFBiH"]
[Site "Bosanska Krupa, hotel "]
[Date "2018.08.29"]
[Round "7.2"]
[White "Terzic, Ilijas"]
[Black "Vukic, Milan"]
[Result "1/2-1/2"]
[WhiteElo "2143"]
[BlackElo "2386"]
[PlyCount "68"]
[EventDate "2018.08.25"]
[EventRounds "9"]
[EventCountry "BIH"]
[WhiteTeam "ŠK Sarajevo"]
[BlackTeam "ŠK Goražde"]

1. d4 Nf6 2. Nf3 d6 3. Nc3 Bg4 4. e4 e6 5. h3 Bh5 6. g4 Bg6 7. Bd3 Be7 8. h4 h5
9. g5 Nfd7 10. e5 Bxd3 11. Qxd3 g6 12. Ne4 dxe5 13. dxe5 Nc6 14. Bf4 Nc5 15.
Nxc5 Bxc5 16. Qe2 Qe7 17. O-O-O Rd8 18. c3 Rxd1+ 19. Rxd1 O-O 20. Nd2 Rd8 21.
Ne4 Bb6 22. Kc2 Rxd1 23. Qxd1 Kf8 24. a3 Qd8 25. Qxd8+ Nxd8 26. b4 Nc6 27. Kd3
Ne7 28. c4 a6 29. c5 Ba7 30. f3 Nf5 31. Bg3 b5 32. Bf2 Ke7 33. Nc3 Kd7 34. Ke4
Ke7 1/2-1/2

[Event "1A liga SSFBiH"]
[Site "Bosanska Krupa, hotel "]
[Date "2018.08.29"]
[Round "7.3"]
[White "Muratovic, Efim"]
[Black "Gekic, Haris"]
[Result "1-0"]
[WhiteElo "2383"]
[BlackElo "2202"]
[PlyCount "91"]
[EventDate "2018.08.25"]
[EventRounds "9"]
[EventCountry "BIH"]
[WhiteTeam "ŠK Goražde"]
[BlackTeam "ŠK Sarajevo"]

1. e3 c6 2. b3 Nf6 3. Bb2 d5 4. Nf3 Bf5 5. Be2 e6 6. O-O Be7 7. c4 O-O 8. Nh4
Bxb1 9. Rxb1 Ne4 10. Nf3 Bf6 11. d4 Nd7 12. Bd3 Nd6 13. Qc2 g6 14. Rfd1 Re8 15.
Ne5 Bg7 16. b4 dxc4 17. Nxc4 Nxc4 18. Bxc4 Nb6 19. Bf1 Rc8 20. g3 Qg5 21. a4
Red8 22. Rdc1 h5 23. Bg2 h4 24. Qb3 hxg3 25. hxg3 Nd5 26. b5 cxb5 27. Qxb5
Rxc1+ 28. Bxc1 Qg4 29. Bd2 b6 30. Rc1 Bf6 31. a5 Kg7 32. a6 Ne7 33. Be1 e5 34.
dxe5 Bg5 35. Qc4 Qxc4 36. Rxc4 Rc8 37. Rxc8 Nxc8 38. Bb7 Ne7 39. f4 Bh6 40. e4
Kf8 41. Bf2 Ke8 42. Bxb6 Kd7 43. Bxa7 Kc7 44. Bc5 Nc6 45. Kf2 Bg7 46. Ke3 1-0

[Event "1A liga SSFBiH"]
[Site "Bosanska Krupa, hotel "]
[Date "2018.08.29"]
[Round "7.4"]
[White "Halilovic, Fahrudin"]
[Black "Stavnjak, Lazar"]
[Result "0-1"]
[WhiteElo "2055"]
[BlackElo "2221"]
[PlyCount "124"]
[EventDate "2018.08.25"]
[EventRounds "9"]
[EventCountry "BIH"]
[WhiteTeam "ŠK Sarajevo"]
[BlackTeam "ŠK Goražde"]

1. e4 e6 2. d4 d5 3. Nd2 dxe4 4. Nxe4 Nd7 5. Bd3 Ngf6 6. Nf3 Nxe4 7. Bxe4 Nf6
8. Bg5 Be7 9. Bd3 c5 10. dxc5 Qa5+ 11. Bd2 Qxc5 12. O-O O-O 13. Re1 b6 14. Re5
Qc7 15. Bc3 h6 16. h3 Bb7 17. Nh2 Bd6 18. f4 Bxe5 19. Bxe5 Qc6 20. Qe2 Nd7 21.
Bc3 Nc5 22. Qg4 f6 23. Bb4 Rfd8 24. Bf1 a5 25. Ba3 Qe4 26. Bxc5 bxc5 27. Bd3
Qd4+ 28. Kh1 f5 29. Qe2 Rd6 30. Qf1 Qe3 31. Re1 Qxh3 32. Qf2 Rad8 33. Kg1 Qh5
34. Qxc5 Qg6 35. Re2 a4 36. Nf1 Ba6 37. Bxa6 Rxa6 38. Qc4 Rdd6 39. Nh2 Qf6 40.
c3 a3 41. bxa3 Rac6 42. Qb4 Qxc3 43. Nf3 Qc1+ 44. Kh2 Rb6 45. Qa4 Qc6 46. Qa7
Qc4 47. Ne5 Qxf4+ 48. g3 Qg5 49. Qf7+ Kh7 50. Nf3 Qf6 51. Qh5 Rd5 52. a4 Rb2
53. Rxb2 Qxb2+ 54. Kh3 Qf6 55. Qe8 e5 56. Qa8 Qd8 57. Qc6 e4 58. Nh4 Qd6 59.
Qc8 Qd7 60. Qb8 f4+ 61. Kh2 Rd2+ 62. Ng2 f3 0-1

[Event "1A liga SSFBiH"]
[Site "Bosanska Krupa, hotel "]
[Date "2018.08.29"]
[Round "7.6"]
[White "Kurtcehajic, Suad"]
[Black "Hajvaz, Dzemal"]
[Result "1/2-1/2"]
[WhiteElo "1989"]
[BlackElo "2053"]
[PlyCount "96"]
[EventDate "2018.08.25"]
[EventRounds "9"]
[EventCountry "BIH"]
[WhiteTeam "ŠK Sarajevo"]
[BlackTeam "ŠK Goražde"]

1. e4 d6 2. d4 Nf6 3. Bd3 Nc6 4. c3 g6 5. f3 Bg7 6. Be3 e5 7. d5 Ne7 8. Qd2 O-O
9. Bh6 Nh5 10. Ne2 f5 11. Bxg7 Kxg7 12. c4 fxe4 13. Bxe4 Bf5 14. Bxf5 Nxf5 15.
O-O Nh4 16. Nbc3 Nf4 17. Nxf4 Rxf4 18. Ne4 h6 19. Rac1 b6 20. Rc3 Rf7 21. b4 a5
22. Ra3 axb4 23. Qxb4 Rxa3 24. Qxa3 Nf5 25. Qb2 Ne3 26. Rc1 Qh4 27. Qe2 Nf5 28.
Rc3 Nd4 29. Qf2 Qf4 30. Qe3 Qh4 31. a4 Qd8 32. Qd2 Qa8 33. Ra3 Qa7 34. Kh1 Qa6
35. Qc3 Ne2 36. Qb4 Qc8 37. a5 bxa5 38. Rxa5 Nd4 39. c5 Qf5 40. Qe1 dxc5 41.
Rxc5 Qf4 42. d6 cxd6 43. Nxd6 Nxf3 44. gxf3 Qxf3+ 45. Kg1 Qg4+ 46. Kh1 Qf3+ 47.
Kg1 Qg4+ 48. Kh1 Qf3+ 1/2-1/2

[Event "1A liga SSFBiH"]
[Site "Bosanska Krupa, hotel "]
[Date "2018.08.29"]
[Round "7.1"]
[White "Obad, Andrija"]
[Black "Vajic, Goran"]
[Result "1/2-1/2"]
[WhiteElo "2288"]
[BlackElo "2280"]
[PlyCount "119"]
[EventDate "2018.08.25"]
[EventRounds "9"]
[EventCountry "BIH"]
[WhiteTeam "ŠK Inzio-Tušanj, Tuzla"]
[BlackTeam "ŠK Bihac"]

1. e4 e5 2. Nf3 Nf6 3. Nxe5 d6 4. Nf3 Nxe4 5. d4 d5 6. Bd3 Be7 7. O-O Nc6 8. c4
Nb4 9. Be2 O-O 10. Nc3 Bf5 11. a3 Nxc3 12. bxc3 Nc6 13. Re1 Bf6 14. Bf4 dxc4
15. Bxc4 Na5 16. Ba2 b6 17. Ne5 Rc8 18. Qf3 c5 19. Bg3 Bg6 20. Nxg6 hxg6 21.
dxc5 Rxc5 22. Rad1 Qc8 23. Bd6 Rf5 24. Qe4 Rd8 25. Bb4 Re5 26. Qxg6 Nc4 27. Qb1
Rxe1+ 28. Rxe1 a5 29. Be7 Bxe7 30. Rxe7 Qg4 31. Re1 Nd2 32. Qxb6 Nf3+ 33. Kh1
Nxe1 34. Qxd8+ Kh7 35. Qd5 Qe2 36. Bb1+ Kh6 37. h3 Qxf2 38. Qe4 f5 39. Qc6+ g6
40. Qa8 Qf1+ 41. Kh2 Nxg2 42. Qxg2 Qxb1 43. Qd2+ g5 44. h4 f4 45. hxg5+ Kxg5
46. Qg2+ Kf6 47. Qc6+ Kg5 48. Qg2+ Kf6 49. Qc6+ Kg5 50. Qd5+ Qf5 51. Qd8+ Kg4
52. Qg8+ Kf3 53. c4 Ke4 54. Kg2 f3+ 55. Kf2 Qc5+ 56. Kf1 Qxa3 57. Qd5+ Ke3 58.
Qe5+ Kd2 59. Qd5+ Qd3+ 60. Qxd3+ 1/2-1/2

[Event "1A liga SSFBiH"]
[Site "Bosanska Krupa, hotel "]
[Date "2018.08.29"]
[Round "7.2"]
[White "Trkulja, Goran"]
[Black "Jeremic, Milan"]
[Result "1/2-1/2"]
[WhiteElo "2295"]
[BlackElo "2181"]
[PlyCount "28"]
[EventDate "2018.08.25"]
[EventRounds "9"]
[EventCountry "BIH"]
[WhiteTeam "ŠK Bihac"]
[BlackTeam "ŠK Inzio-Tušanj, Tuzla"]

1. e4 c6 2. d4 d5 3. Nc3 a6 4. Nf3 Bg4 5. h3 Bxf3 6. Qxf3 e6 7. Be2 Nf6 8. e5
Nfd7 9. O-O c5 10. dxc5 Nc6 11. Qg3 g6 12. Na4 Nxc5 13. Nxc5 Bxc5 14. c3 Qc7
1/2-1/2

[Event "1A liga SSFBiH"]
[Site "Bosanska Krupa, hotel "]
[Date "2018.08.29"]
[Round "7.3"]
[White "Budimir, Boris"]
[Black "Rajic, Ivan"]
[Result "1/2-1/2"]
[WhiteElo "2203"]
[BlackElo "2012"]
[PlyCount "47"]
[EventDate "2018.08.25"]
[EventRounds "9"]
[EventCountry "BIH"]
[WhiteTeam "ŠK Inzio-Tušanj, Tuzla"]
[BlackTeam "ŠK Bihac"]

1. e4 c5 2. Nf3 d6 3. d4 cxd4 4. Nxd4 Nf6 5. Nc3 e6 6. Be2 Be7 7. O-O O-O 8.
Be3 Nc6 9. f4 Bd7 10. Nb3 a6 11. a4 Rc8 12. Bf3 Na5 13. Nxa5 Qxa5 14. Qd4 Bc6
15. Rad1 Rfe8 16. Qd2 Qc7 17. Qf2 b5 18. axb5 axb5 19. e5 dxe5 20. Bxc6 Qxc6
21. fxe5 Ng4 22. Qxf7+ Kh8 23. Bd4 b4 24. Qh5 1/2-1/2

[Event "1A liga SSFBiH"]
[Site "Bosanska Krupa, hotel "]
[Date "2018.08.29"]
[Round "7.4"]
[White "Arnaut, Armin"]
[Black "Dugonjic, Dragan"]
[Result "0-1"]
[WhiteElo "2070"]
[BlackElo "2036"]
[PlyCount "109"]
[EventDate "2018.08.25"]
[EventRounds "9"]
[EventCountry "BIH"]
[WhiteTeam "ŠK Bihac"]
[BlackTeam "ŠK Inzio-Tušanj, Tuzla"]

1. e4 c6 2. d4 d5 3. Nc3 a6 4. Be2 e6 5. a3 Nf6 6. Bf3 Be7 7. Nge2 O-O 8. Be3
b6 9. O-O Bb7 10. e5 Nfd7 11. Bg4 c5 12. f4 g6 13. Bh3 Nc6 14. Qd2 cxd4 15.
Nxd4 Nxd4 16. Bxd4 Bc5 17. Ne2 Bxd4+ 18. Qxd4 Rc8 19. c3 a5 20. Bg4 Ba6 21.
Rfe1 Bxe2 22. Bxe2 Qc7 23. Rad1 Qc5 24. g3 Rc7 25. Rd2 Nb8 26. Kf2 Nc6 27. Qxc5
bxc5 28. Bb5 Rb8 29. Bxc6 Rxc6 30. Ke3 Rb3 31. Kf2 Rcb6 32. Ree2 a4 33. Ke1 Kf8
34. Kd1 Ke7 35. Kc1 Rb8 36. Rc2 Kd7 37. Rcd2 Kc6 38. Rc2 h5 39. Rcd2 R3b7 40.
Rc2 Rd8 41. Rcd2 Rbd7 42. Rd3 Kb5 43. Rf3 Rc7 44. Rd2 Rcc8 45. Rc2 Rc7 46. Rd2
d4 47. Rfd3 Kc4 48. Kc2 Rb7 49. cxd4 cxd4 50. Kd1 Rd5 51. Ke2 Rdd7 52. Rc2+ Kd5
53. Kf3 Rdc7 54. Rcd2 Rc4 55. Rd1 0-1

[Event "1A liga SSFBiH"]
[Site "Bosanska Krupa, hotel "]
[Date "2018.08.29"]
[Round "7.5"]
[White "Zupcevic, Nedim"]
[Black "Tajic, Zlatan"]
[Result "1/2-1/2"]
[WhiteElo "2051"]
[BlackElo "2125"]
[PlyCount "60"]
[EventDate "2018.08.25"]
[EventRounds "9"]
[EventCountry "BIH"]
[WhiteTeam "ŠK Inzio-Tušanj, Tuzla"]
[BlackTeam "ŠK Bihac"]

1. e4 c5 2. Nf3 d6 3. Nc3 Bg4 4. Be2 Nc6 5. d3 g6 6. Nd5 Bg7 7. c3 Nf6 8. Ne3
Bd7 9. O-O O-O 10. Ne1 b5 11. g4 e5 12. g5 Ne8 13. Nd5 Nc7 14. Nxc7 Qxc7 15.
Ng2 Bh3 16. Bg4 Bxg2 17. Kxg2 Rab8 18. h4 Qe7 19. Qb3 Nd8 20. f4 exf4 21. Bxf4
Ne6 22. Bg3 c4 23. Qc2 Be5 24. d4 Bxg3 25. Kxg3 Nc7 26. Rf4 f6 27. gxf6 Rxf6
28. Raf1 Rbf8 29. Rxf6 Rxf6 30. Rxf6 Qxf6 1/2-1/2

[Event "1A liga SSFBiH"]
[Site "Bosanska Krupa, hotel "]
[Date "2018.08.29"]
[Round "7.6"]
[White "Stankovic, Dragan"]
[Black "Mesic, Ismet"]
[Result "1/2-1/2"]
[WhiteElo "1924"]
[BlackElo "1562"]
[PlyCount "26"]
[EventDate "2018.08.25"]
[EventRounds "9"]
[EventCountry "BIH"]
[WhiteTeam "ŠK Bihac"]
[BlackTeam "ŠK Inzio-Tušanj, Tuzla"]

1. e4 c5 2. Nf3 d6 3. d4 cxd4 4. Nxd4 Nf6 5. Nc3 g6 6. Be3 Bg7 7. f3 Nc6 8. Qd2
O-O 9. O-O-O d5 10. Bb5 Nxd4 11. Bxd4 dxe4 12. Bxf6 Qxd2+ 13. Rxd2 exf6 1/2-1/2

[Event "1A liga SSFBiH"]
[Site "Bosanska Krupa, hotel "]
[Date "2018.08.29"]
[Round "7.1"]
[White "Sutkovic, Damir"]
[Black "Markovic, Dino"]
[Result "1-0"]
[WhiteElo "2351"]
[BlackElo "2010"]
[PlyCount "37"]
[EventDate "2018.08.25"]
[EventRounds "9"]
[EventCountry "BIH"]
[WhiteTeam "ŠK Cazin"]
[BlackTeam "ŠK Preporod, Zenica"]

1. Nf3 Nf6 2. g3 b6 3. Bg2 Bb7 4. O-O e6 5. d3 d5 6. c4 Nbd7 7. Nc3 Bb4 8. cxd5
Nxd5 9. Bd2 Nxc3 10. bxc3 Be7 11. a4 O-O 12. a5 a6 13. c4 Bf6 14. Rb1 Nc5 15.
Bb4 Bc6 16. d4 Ne4 17. Bxf8 Nc3 18. Qd3 Nxb1 19. Bb4 1-0

[Event "1A liga SSFBiH"]
[Site "Bosanska Krupa, hotel "]
[Date "2018.08.29"]
[Round "7.2"]
[White "Bajramovic, Halid"]
[Black "Dumpor, Atif"]
[Result "1/2-1/2"]
[WhiteElo "2107"]
[BlackElo "2303"]
[PlyCount "27"]
[EventDate "2018.08.25"]
[EventRounds "9"]
[EventCountry "BIH"]
[WhiteTeam "ŠK Preporod, Zenica"]
[BlackTeam "ŠK Cazin"]

1. d4 Nf6 2. c4 e6 3. Nf3 b6 4. g3 Bb7 5. Bg2 Be7 6. O-O O-O 7. Nc3 d5 8. Ne5
Nbd7 9. b3 c5 10. e3 a6 11. Bb2 Qc7 12. Nxd7 Qxd7 13. dxc5 bxc5 14. Rc1 1/2-1/2

[Event "1A liga SSFBiH"]
[Site "Bosanska Krupa, hotel "]
[Date "2018.08.29"]
[Round "7.3"]
[White "Komic, Ibrahim"]
[Black "Hadzic, Latif"]
[Result "1/2-1/2"]
[WhiteElo "2193"]
[BlackElo "2053"]
[PlyCount "40"]
[EventDate "2018.08.25"]
[EventRounds "9"]
[EventCountry "BIH"]
[WhiteTeam "ŠK Cazin"]
[BlackTeam "ŠK Preporod, Zenica"]

1. d4 c5 2. d5 e5 3. e4 d6 4. Nc3 g6 5. Nf3 Bg7 6. Bc4 Nd7 7. a4 Ne7 8. h4 a6
9. Be2 Nf6 10. Nd2 h5 11. a5 Bd7 12. Nc4 Nc8 13. f3 Bb5 14. Be3 Bh6 15. Bxh6
Rxh6 16. Qd2 Rh7 17. g3 Ng8 18. O-O Bxc4 19. Bxc4 Rg7 20. Kh2 f6 1/2-1/2

[Event "1A liga SSFBiH"]
[Site "Bosanska Krupa, hotel "]
[Date "2018.08.29"]
[Round "7.4"]
[White "Redzepi, Mehmedalija"]
[Black "Abdic, Adnan"]
[Result "0-1"]
[WhiteElo "1883"]
[BlackElo "2123"]
[PlyCount "72"]
[EventDate "2018.08.25"]
[EventRounds "9"]
[EventCountry "BIH"]
[WhiteTeam "ŠK Preporod, Zenica"]
[BlackTeam "ŠK Cazin"]

1. d4 Nf6 2. c4 c5 3. d5 b5 4. cxb5 d6 5. Nc3 a6 6. e4 Nbd7 7. Nf3 g6 8. Be2
Bg7 9. O-O O-O 10. Bd2 axb5 11. Bxb5 Qb6 12. a4 Ba6 13. Qc2 Bxb5 14. axb5 Ng4
15. Qb3 Rxa1 16. Rxa1 c4 17. Be3 cxb3 18. Bxb6 Nxb6 19. h3 Ne5 20. Nd2 Nec4 21.
Nxb3 Nxb2 22. Ne2 Ra8 23. Rc1 N2c4 24. Nbd4 Bxd4 25. Nxd4 Ra2 26. Nc6 Kf8 27.
h4 h5 28. Rc3 Re2 29. f3 Rb2 30. Nd4 Rb4 31. Kf2 Ne5 32. Ke3 Rb2 33. g3 Nbc4+
34. Kf4 Rd2 35. Nc6 Nd3+ 36. Kg5 Kg7 0-1

[Event "1A liga SSFBiH"]
[Site "Bosanska Krupa, hotel "]
[Date "2018.08.29"]
[Round "7.5"]
[White "Nuhic, Amir"]
[Black "Besirevic, Jasmin"]
[Result "1-0"]
[WhiteElo "2155"]
[BlackElo "1863"]
[PlyCount "61"]
[EventDate "2018.08.25"]
[EventRounds "9"]
[EventCountry "BIH"]
[WhiteTeam "ŠK Cazin"]
[BlackTeam "ŠK Preporod, Zenica"]

1. e4 c5 2. Nc3 d6 3. g3 Bd7 4. Bg2 Bc6 5. d3 Nf6 6. f4 e6 7. Nf3 Be7 8. O-O
O-O 9. h3 a6 10. g4 b5 11. Ne2 Qb6 12. Be3 d5 13. e5 Nfd7 14. Ng3 d4 15. Bf2
Bd5 16. Nd2 Bxg2 17. Kxg2 Qc6+ 18. Nde4 Bh4 19. Qf3 h6 20. Rae1 Qd5 21. b3 Nc6
22. Nh5 Be7 23. Re2 a5 24. Kh2 Kh8 25. Qg3 a4 26. g5 hxg5 27. Nxg5 Bxg5 28.
Qxg5 Rg8 29. Qh4 g5 30. fxg5 Rg6 31. Nf6+ 1-0

[Event "1A liga SSFBiH"]
[Site "Bosanska Krupa, hotel "]
[Date "2018.08.29"]
[Round "7.6"]
[White "Kustura, Hajrudin"]
[Black "Ruznic, Ramiz"]
[Result "0-1"]
[WhiteElo "1698"]
[BlackElo "1971"]
[PlyCount "54"]
[EventDate "2018.08.25"]
[EventRounds "9"]
[EventCountry "BIH"]
[WhiteTeam "ŠK Preporod, Zenica"]
[BlackTeam "ŠK Cazin"]

1. e4 e6 2. f4 d5 3. exd5 exd5 4. Nf3 Nf6 5. d4 Be7 6. Bd3 O-O 7. O-O c5 8. c3
Nc6 9. Ne5 cxd4 10. Nxc6 bxc6 11. cxd4 Qb6 12. Kh1 Rb8 13. Nc3 a5 14. Na4 Qa7
15. Be3 Ba6 16. Rf3 Rb4 17. b3 Bd6 18. h3 Re8 19. Rc1 Rxe3 20. Rxe3 Bxf4 21.
Rxc6 Bxe3 22. Rxa6 Qb8 23. Qe2 Bxd4 24. Rxa5 g6 25. Rb5 Rxb5 26. Bxb5 Ne4 27.
Qg4 Ng3+ 0-1

[Event "1A liga SSFBiH"]
[Site "Bosanska Krupa, hotel "]
[Date "2018.08.29"]
[Round "7.1"]
[White "Kojic, Tigran"]
[Black "Buljubasic, Sabahudin"]
[Result "0-1"]
[WhiteElo "2340"]
[BlackElo "2291"]
[PlyCount "76"]
[EventDate "2018.08.25"]
[EventRounds "9"]
[EventCountry "BIH"]
[WhiteTeam "ŠK Igman, Konjic"]
[BlackTeam "ŠK Banovici"]

1. d4 Nf6 2. c4 g6 3. Nc3 d5 4. cxd5 Nxd5 5. e4 Nxc3 6. bxc3 Bg7 7. Qa4+ c6 8.
Nf3 O-O 9. Be2 Nd7 10. O-O e5 11. Bg5 Qc7 12. Rfd1 Re8 13. d5 Nc5 14. Qc4 Bf8
15. Bf1 b6 16. Qe2 cxd5 17. exd5 e4 18. Nd4 Qe5 19. Qe3 Qxd5 20. Nb5 Qc6 21.
Bf4 Bg4 22. Rd6 Qb7 23. Nc7 Red8 24. Nxa8 Bxd6 25. Bxd6 Rxd6 26. Qf4 Qd7 27.
Nc7 Qxc7 28. Qxg4 Qd7 29. Qg3 Kg7 30. h4 h5 31. Bc4 Rf6 32. Qe3 Qg4 33. g3 Nd7
34. Qd4 Qf5 35. Bd5 e3 36. fxe3 Qf2+ 37. Kh1 Qxg3 38. Be6 Ne5 0-1

[Event "1A liga SSFBiH"]
[Site "Bosanska Krupa, hotel "]
[Date "2018.08.29"]
[Round "7.2"]
[White "Avdic, Adnan"]
[Black "Pastar, Slaven"]
[Result "1-0"]
[WhiteElo "2203"]
[BlackElo "2307"]
[PlyCount "83"]
[EventDate "2018.08.25"]
[EventRounds "9"]
[EventCountry "BIH"]
[WhiteTeam "ŠK Banovici"]
[BlackTeam "ŠK Igman, Konjic"]

1. e4 b6 2. d4 Bb7 3. Bd2 e6 4. c4 Nf6 5. Nc3 Bb4 6. f3 d5 7. cxd5 exd5 8. Qa4+
Nc6 9. Bb5 Qd7 10. e5 Ng8 11. Nge2 a6 12. Bd3 Bxc3 13. bxc3 Nxe5 14. Qxd7+ Nxd7
15. O-O Ngf6 16. g4 h6 17. Ng3 g6 18. Rae1+ Kf8 19. a4 Kg7 20. a5 b5 21. h4
Rhe8 22. Be3 Nf8 23. Bf4 N6d7 24. Be3 Nf6 25. Kf2 Ne6 26. h5 Ng5 27. Rh1 Re7
28. Bf4 Nd7 29. Rh2 Rae8 30. Reh1 Nf8 31. hxg6 Nxg6 32. Nf5+ Kf6 33. Rxh6 Rd7
34. R1h5 Ne4+ 35. fxe4 dxe4 36. Bc2 c5 37. Be5+ Rxe5 38. dxe5+ Kxe5 39. Ke3 Nf4
40. Ng3+ Nxh5 41. Rxh5+ Kf6 42. Rxc5 1-0

[Event "1A liga SSFBiH"]
[Site "Bosanska Krupa, hotel "]
[Date "2018.08.29"]
[Round "7.3"]
[White "Mrndjic, Muamer"]
[Black "Jovanovic, Nenad"]
[Result "1/2-1/2"]
[WhiteElo "2249"]
[BlackElo "2069"]
[PlyCount "133"]
[EventDate "2018.08.25"]
[EventRounds "9"]
[EventCountry "BIH"]
[WhiteTeam "ŠK Igman, Konjic"]
[BlackTeam "ŠK Banovici"]

1. d4 Nf6 2. c4 e6 3. Nf3 Bb4+ 4. Nbd2 O-O 5. Qc2 c5 6. dxc5 Bxc5 7. a3 b6 8.
b4 Be7 9. Bb2 Bb7 10. g3 d6 11. Bg2 Nbd7 12. O-O Rc8 13. Rac1 h6 14. Rfd1 Qc7
15. Qb1 Rfd8 16. e4 Qb8 17. Nd4 Ne8 18. Nf1 Qa8 19. Ne3 Ndf6 20. f3 a6 21. Rd2
Nd7 22. h4 Rc7 23. Rcd1 Rdc8 24. f4 Ndf6 25. e5 dxe5 26. Bxb7 Qxb7 27. fxe5 Nd7
28. Ne2 Qf3 29. Qd3 Nf8 30. Rf1 Qb7 31. Nf4 Rd7 32. Qc2 Rxd2 33. Qxd2 Rd8 34.
Qg2 Qxg2+ 35. Kxg2 g5 36. hxg5 hxg5 37. Nh5 a5 38. b5 Bc5 39. Re1 Rc8 40. Ng4
Be7 41. Re4 Kh7 42. Nh2 Ng7 43. Nxg7 Kxg7 44. Nf3 Ng6 45. Rg4 Rd8 46. Bd4 Bc5
47. Bxc5 bxc5 48. Re4 Rd3 49. Re2 Rxa3 50. Rb2 Rd3 51. b6 Rd8 52. Rb5 g4 53.
Ng5 Rb8 54. Ne4 Nxe5 55. Nxc5 Nxc4 56. b7 Nd6 57. Rxa5 Nxb7 58. Rb5 Nxc5 59.
Rxb8 Ne4 60. Rb4 f5 61. Rb8 Kf6 62. Rb5 Nc3 63. Rc5 Nd5 64. Kf2 Ke5 65. Rc6 Nf6
66. Ra6 Ne4+ 67. Kg2 1/2-1/2

[Event "1A liga SSFBiH"]
[Site "Bosanska Krupa, hotel "]
[Date "2018.08.29"]
[Round "7.4"]
[White "Rahmanovic, Mesan"]
[Black "Zacinovic, Alija"]
[Result "0-1"]
[WhiteElo "1925"]
[BlackElo "2171"]
[PlyCount "82"]
[EventDate "2018.08.25"]
[EventRounds "9"]
[EventCountry "BIH"]
[WhiteTeam "ŠK Banovici"]
[BlackTeam "ŠK Igman, Konjic"]

1. e4 g6 2. d4 Bg7 3. c3 c5 4. Nf3 b6 5. Bd3 Qc7 6. Na3 a6 7. Be3 Bb7 8. Qe2 d6
9. h3 Nd7 10. Ng5 Ngf6 11. d5 b5 12. c4 O-O 13. O-O Ne5 14. f4 Nxd3 15. Qxd3 h6
16. Nf3 e6 17. Rae1 bxc4 18. Nxc4 exd5 19. exd5 Bxd5 20. b3 Rad8 21. Bd2 Bxf3
22. Rxf3 d5 23. Ba5 dxc4 24. Qxd8 Qxd8 25. Bxd8 Rxd8 26. bxc4 Rd6 27. Re7 Nd7
28. f5 g5 29. Re8+ Kh7 30. Kf1 Bd4 31. Ra3 Ne5 32. Ra4 Rb6 33. Ra8 Rb2 34.
R4xa6 Nd3 35. g3 Rf2+ 36. Kg1 Rxf5+ 37. Kh1 Rf1+ 38. Kg2 Rf2+ 39. Kg1 Ne1 40.
Ra3 Rf3+ 41. Kh1 Rf1+ 0-1

[Event "1A liga SSFBiH"]
[Site "Bosanska Krupa, hotel "]
[Date "2018.08.29"]
[Round "7.5"]
[White "Kovacic, Dubravko"]
[Black "Komadaric, Edin"]
[Result "1/2-1/2"]
[WhiteElo "2045"]
[BlackElo "2096"]
[PlyCount "60"]
[EventDate "2018.08.25"]
[EventRounds "9"]
[EventCountry "BIH"]
[WhiteTeam "ŠK Igman, Konjic"]
[BlackTeam "ŠK Banovici"]

1. e4 e6 2. d4 d5 3. e5 c5 4. c3 Nc6 5. a3 a5 6. Nf3 Bd7 7. Be2 Qb6 8. O-O Nge7
9. dxc5 Qc7 10. Bb5 Nxe5 11. Bxd7+ Nxd7 12. b4 g6 13. Nd4 Nc8 14. Bb2 Bg7 15.
c4 O-O 16. Nb5 Qc6 17. Bxg7 Kxg7 18. Nd4 Qc7 19. cxd5 exd5 20. Nc3 Nf6 21. Re1
Rd8 22. Ndb5 Qd7 23. Nd4 Ne7 24. h3 b6 25. cxb6 Nc8 26. b7 Qxb7 27. b5 Rd7 28.
a4 Qb6 29. Rc1 Nd6 30. Nce2 Nc4 1/2-1/2

[Event "1A liga SSFBiH"]
[Site "Bosanska Krupa, hotel "]
[Date "2018.08.29"]
[Round "7.6"]
[White "Softic, Nusret"]
[Black "Zenelaj, Fisnik"]
[Result "1/2-1/2"]
[WhiteElo "1879"]
[BlackElo "1920"]
[PlyCount "109"]
[EventDate "2018.08.25"]
[EventRounds "9"]
[EventCountry "BIH"]
[WhiteTeam "ŠK Banovici"]
[BlackTeam "ŠK Igman, Konjic"]

1. e4 c5 2. Nf3 d6 3. d4 cxd4 4. Nxd4 Nf6 5. Nc3 a6 6. Bd3 e6 7. O-O Be7 8. Be3
O-O 9. Nce2 Ng4 10. Bd2 Ne5 11. Ng3 Nxd3 12. cxd3 Nc6 13. Nxc6 bxc6 14. Bc3 d5
15. d4 Bb7 16. Qg4 g6 17. e5 Bc8 18. Rac1 f5 19. exf6 Bxf6 20. Qe2 a5 21. Rfe1
Re8 22. f4 Qc7 23. Qf2 Qf7 24. Nf1 Ba6 25. Nd2 Bd3 26. Nb3 a4 27. Nc5 Bb5 28.
a3 Bg7 29. Qe3 Re7 30. Qf3 Rae8 31. Re3 Bf6 32. Rce1 g5 33. fxg5 Bxg5 34. Qg4
Qg6 35. Rg3 Rg7 36. Kh1 h5 37. Qd1 h4 38. Rg4 Qf5 39. Re5 Qf6 40. Qe1 h3 41.
Nxe6 hxg2+ 42. Rxg2 Rxe6 43. Rxe6 Qf3 44. Qg3 Be2 45. Rexe2 Qf1+ 46. Rg1 Qxe2
47. Re1 Qh5 48. Rf1 Be7 49. Qf3 Qg6 50. Be1 Bd6 51. Bg3 Bxg3 52. Rg1 Qc2 53.
Rg2 Qc1+ 54. Rg1 Be1 55. Rf1 1/2-1/2

[Event "1A liga SSFBiH"]
[Site "Bosanska Krupa, hotel "]
[Date "2018.08.29"]
[Round "7.1"]
[White "Avdic, Mirza"]
[Black "Mrkonjic, Nenad"]
[Result "0-1"]
[WhiteElo "2205"]
[BlackElo "2352"]
[PlyCount "136"]
[EventDate "2018.08.25"]
[EventRounds "9"]
[EventCountry "BIH"]
[WhiteTeam "ŠK Gracanica"]
[BlackTeam "OŠK Živinice"]

1. e4 e5 2. Bc4 Nf6 3. d3 c6 4. Nf3 d5 5. Bb3 Bd6 6. Qe2 dxe4 7. dxe4 Qe7 8.
O-O Na6 9. c3 Nc5 10. Bc2 a5 11. Nbd2 O-O 12. Nc4 Bc7 13. Bg5 b5 14. Ne3 h6 15.
Bh4 g6 16. Rfe1 Qe6 17. Nf5 gxf5 18. exf5 Qd6 19. Nxe5 Qxe5 20. Qxe5 Bxe5 21.
Rxe5 Ncd7 22. Re3 Re8 23. Rh3 Kg7 24. Rg3+ Kf8 25. Rh3 Nd5 26. Bg3 Kg7 27. Bd6
N7f6 28. Bc5 Ne4 29. Bd4+ f6 30. f3 Nd6 31. Rh5 Re2 32. Bd3 Rd2 33. Be4 Nxe4
34. fxe4 Nf4 35. Be3 Rxg2+ 36. Kf1 Nxh5 37. Kxg2 Bd7 38. Rd1 Be8 39. Kf3 a4 40.
a3 Rc8 41. Rd6 Rc7 42. Rd8 Bf7 43. Bc5 Kh7 44. Bd6 Rb7 45. Rc8 Ng7 46. Rxc6
Nxf5 47. Bc5 Nh4+ 48. Kg3 Ng6 49. Rxf6 Ne5 50. Bd4 Nd3 51. e5 Bc4 52. Kg4 Rf7
53. Rb6 Rf4+ 54. Kg3 Re4 55. Kf3 Re1 56. Kg4 Nxe5+ 57. Kf5 Nf7 58. h4 Rf1+ 59.
Ke4 Rb1 60. h5 Rh1 61. Rg6 Ng5+ 62. Ke5 Rxh5 63. Rb6 Nf7+ 64. Kf6 Rh2 65. Ke7
Rxb2 66. Rf6 Re2+ 67. Kf8 Ng5 68. Be3 Ne6+ 0-1